<?xml version="1.0" encoding="UTF-8"?>
<collection xmlns="http://www.loc.gov/MARC21/slim">
  <record>
    <leader>00000nam  2200000   4500</leader>
    <controlfield tag="001">INLIS000000000000140</controlfield>
    <controlfield tag="005">20180724133750</controlfield>
    <controlfield tag="008">180724|||||||||   |   |||   |||| ||   | </controlfield>
    <datafield tag="035" ind1=" " ind2=" ">
      <subfield code="0">010-0718000140</subfield>
    </datafield>
    <datafield tag="041" ind1=" " ind2=" ">
      <subfield code="a">id</subfield>
    </datafield>
    <datafield tag="082" ind1=" " ind2=" ">
      <subfield code="a">023</subfield>
    </datafield>
    <datafield tag="090" ind1=" " ind2=" ">
      <subfield code="a">R 023 PIM I,2013</subfield>
    </datafield>
    <datafield tag="100" ind1=" " ind2=" ">
      <subfield code="a">Karma,Maryati</subfield>
    </datafield>
    <datafield tag="245" ind1=" " ind2=" ">
      <subfield code="a">Pengembangan Sistem Pemantauan Barang Milik Negara Dengan Digital Control Berbasis IT Dan Pelatihan SDM Pengelolaan Barang Milik Negara</subfield>
    </datafield>
    <datafield tag="260" ind1=" " ind2=" ">
      <subfield code="a">Jakarta</subfield>
      <subfield code="b">LembagaAdministrasi Negara</subfield>
      <subfield code="c">2013</subfield>
    </datafield>
    <datafield tag="300" ind1=" " ind2=" ">
      <subfield code="a">43 hlm.;30 cm.</subfield>
    </datafield>
    <datafield tag="500" ind1=" " ind2=" ">
      <subfield code="a">Pada setiap Instansi Pemerintah pasti memiliki barang yaitu semua barang yang dibeli atau diperoleh atas beban Anggaran Pendapatan dan Belanja Negara atau berasal dari perolehan lainnya yang sah dari pengadaan anggaran DIPA maupun barang lain yang diperoleh dari transfer ataupun pemindahtanganan dsb. Dengan bertambahnya barang setiao tahun akan menambah kesulitan petugas BMN untuk mendata Barang Milik Negara karena jenisnya bermacam macam, jumlah yang cukup banyak serta berbagai spesifikasinya.</subfield>
    </datafield>
    <datafield tag="650" ind1=" " ind2=" ">
      <subfield code="a">Pemantauan Barang Milik Negara -- Proyek Perubahan PIM1</subfield>
    </datafield>
  </record>
</collection>
